000
00226 a2200097 4500
001
27455
100
_a
Gunston, B
245
_a
Early Supersonic Fighters of the West
260
_a
_b
Lan Allan Ltd
_c
1976
090
_c
18249
_d
18249
942
_a
NUST-CAE
_c
M
_c
9168
999
_c
262528
_d
262528